Sports Quiz

Random Sports or Golf Quiz

Major Winners 1990's Quiz Stats

 Plays Quiz not verified by Sporcle

Challenge
Share
Tweet
Embed
Score 0/28 Timer 04:00
0 Plays Today
Majors Won Golfer % Correct
2Tiger Woods
98.3%
4Nick Faldo
91.5%
2Ernie Els
84.2%
1Greg Norman
83.9%
2Payne Stewart
74.8%
2Mark O'Meara
73.7%
3Nick Price
73.5%
1Vijay Singh
72.8%
2José María Olazábal
72.8%
1Fred Couples
72.5%
1Davis Love III
68.6%
2John Daly
68.2%
1Corey Pavin
60%
1Tom Kite
59.4%
Majors Won Golfer % Correct
1Bernhard Langer
59%
1Ian Woosnam
58.5%
1Ben Crenshaw
58.5%
1Justin Leonard
56.5%
1Tom Lehman
55.4%
1Paul Azinger
53.4%
2Lee Janzen
51.4%
1Steve Jones
49.3%
1Paul Lawrie
46.8%
1Hale Irwin
45.4%
1Steve Elkington
38.9%
1Ian Baker-Finch
36.5%
1Mark Brooks
35.2%
1Wayne Grady
25.4%

You're not logged in!

Compare scores with friends on all Sporcle quizzes.
OR
Log In

You Might Also Like...

Show Comments

Extras

Top Quizzes Today


Score Distribution

Your Account Isn't Verified!

In order to create a playlist on Sporcle, you need to verify the email address you used during registration. Go to your Sporcle Settings to finish the process.

Report this User

Report this user for behavior that violates our Community Guidelines.

Details: